000 05349nam a22004457a 4500
005 20120214113149.0
010 _aB-478539-556
020 _a9788124321300
_c35.00
035 _aB-478539-556
037 _bब्लूबेरी बुक्स
082 _a
245 _aविकास रंगबिरंगी कहानियाँ:
_cसी.के.संपत द्वारा संपादित;राजेशकुमार मिश्र द्वारा अनुदित;जॉन फर्नाडीस द्वारा चित्रांकित
_bनीला रंग /
260 _aमुंबई
_bनवनीत पब्लिकेशन्स
_c2011
270 _aभवानीशंकर रोड, दादर
_bमुंबई
_e400028
300 _a32 पृ.
_bसचित्र
_c26सेमी (अजिल्द)
700 _aसंपत, सी.के.
_941870
700 _aमिश्र, राजेशकुमार
_941871
700 _aजॉन फर्नाडीस
_941872
942 _2ddc
_cCH
_h
_mविकास
999 _c62705
_d62705